00362pab a2200133 454500008004000000100002200040245005000062260000900112300001500121362001200136650002200148650001400170773004400184180718b1962 xxu||||| |||| 00| 0 eng d aMehta, Balvantray aSome recent trends in Panchayati Raj in India c1962 ap.456-459. aOct-Dec aPanchayat - India aPanchayat aIndian Journal of Public Administration